Focus sur: Beren - Tolkien - Statistiques

Statistiques générales
  • Ce quiz a été pris 30 fois
  • Le résultat moyen est 7 sur 17
Statistiques - réponses
Informations recherchées Réponses % Correct
Age durant lequel il vécut Premier
100%
Espèce Homme
92%
Première mention Le Silmarillion
88%
Couleur des cheveux Noir
88%
Epouse Lúthien
81%
Maison (lignée) Peuple de {Bëor}
62%
Doriath
54%
Fils Dior
42%
Père Barahir
27%
Ossiriand
27%
Erchamion
15%
Contrées Dorthonion
12%
Ile Tol Galen
12%
Camlost
4%
Sœur Hiril
4%
Autres noms Nereb
4%
Mère Emeldir
0%
Aucun quiz correspondant
Distribution des résultats
% des personnes avec chaque résultat
Percentile par nombre de réponses
Votre historique - résultats
Vous n’avez pas pris ce quiz